000 00658cam a22002293a 4500
001 13878
003 PGUSA
005 20140828083310.0
008 041026s2004||||xxu|||||s|||||000 1 eng d
040 _aPGUSA
_beng
042 _adc
050 4 _aPS
100 1 _aHolmes, Mary Jane,
_d1825-1907
245 1 4 _aThe English Orphans; Or, A Home in the New World
_h[electronic resource] /
_cMary Jane Holmes
260 _bProject Gutenberg,
_c2004
506 _aPublic domain in the USA.
516 _aElectronic text
653 _aOrphans -- Fiction
830 0 _aProject Gutenberg
_v13878
856 4 0 _uhttp://www.gutenberg.org/ebooks/13878
942 _cEB
999 _c243133
_d243133